Argentina 2022 World Cup squad - Statistics

General Stats
  • This quiz has been taken 62 times
  • The average score is 15 of 26
Answer Stats
Hint number Answer % Correct
ATT 22 Lautaro Martinez
100%
GK 23 Emiliano Martinez
98%
ATT 10 Lionel Messi
98%
DEF 25 Lisandro Martinez
98%
ATT 11 Angel Di Maria
97%
ATT 9 Julian Alvarez
84%
DEF 13 Sergio Romero
79%
MID 24 Enzo Fernandez
76%
DEF 19 Nicolas Otamendi
76%
ATT 21 Paulo Dybala
76%
MID 20 Alexis Mac Allister
71%
MID 5 Leandro Paredes
62%
MID 7 Rodrigo De Paul
62%
DEF 3 Nicolas Tagliafico
59%
DEF 26 Nahuel Molina
55%
DEF 4 Gonzalo Montiel
53%
DEF 8 Marcos Acuna
50%
GK 12 Sergio Rulli
47%
MID 14 Ezequiel Palacios
33%
GK 1 Franco Armani
28%
MID 17 Alejandro Gomez
24%
ATT 15 Angel Correa
24%
DEF 2 Juan Foyth
22%
MID 16 Thiago Almada
21%
MID 18 Guido Rodrigues
10%
DEF 6 German Pezzela
9%
No matching quizzes found
Score Distribution
Percent of People with Each Score
Percentile by Number Answered
Your Score History
You have not taken this quiz